000 00685nam a2200217Ia 4500
003 GCL
008 140319s9999 xx 000 0 ara d
040 _aGCL /
_cGCL
082 0 4 _a928.1
_bا د
100 1 _aاحمد زلط
245 1 0 _aالدكتور محمد حسين هيكل بين الحضارتين الاسلامية والعربية /
_cاحمد زلط
260 _a[S.N] :
_bالهيئة المصرية العامة للكتاب ،
_c1988
300 _a194 ص
490 _a
650 0 4 _aالادب
650 0 4 _aالتراجم الادبية
650 0 4 _aالتراجم
650 0 4 _aالادباء
650 0 4 _aمحمد حسين هيكل
942 _2ddc
_cBK
999 _c28994
_d28994